Sentenȧs Trabalhistas selecionadas Vn̕culo Empregatc̕io, Relaė̳s de Trabalho e Relaė̳s de Emprego / Volume I

Detalles Bibliográficos
Autor principal: Thom,̌ Candy Florencio
Otros Autores: Garcia Schwarz, Rodrigo
Formato: eBook
Lenguaje:portugués
Publicado: San Pablo: LTR Editora, 2014
Materias:
Acceso en línea:Acceso restringido

MARC

LEADER 00000nam a22000007a 4500
005 2014101004274.0
007 cr|||| ||||
008 141010s2014 br |||||s|||| 00||0 por d
020 |a 978-85-361-3016-3 
035 |a 12436 
040 |a vLex 
090 |c 5209  |d 5209 
100 1 |a Thom,̌ Candy Florencio 
245 1 0 |a Sentenȧs Trabalhistas selecionadas  |h [Recurso electrn̤ico] :  |b Vn̕culo Empregatc̕io, Relaė̳s de Trabalho e Relaė̳s de Emprego /  |c Candy Florencio Thom,̌ Rodrigo Garcia Schwarz  |n Volume I 
256 |a Servicio en ln̕ea 
260 |a San Pablo:  |b LTR Editora,  |c 2014 
300 |a 1 recurso electrn̤ico 
506 1 |a Disponible solo en los productos indicados  |d vLex Global  |d vLex Global (Academic Edition, excluding Law Schools)  |d vLex Global (U.S. Academic Edition, Law Schools)  |d vLex Global (U.S. Academic Edition, excluding Law Schools)  |d vLex Global (Academic Edition, Law Schools) 
650 0 4 |a Derecho Laboral y Seguridad Social  |z Brasil 
700 1 |a Garcia Schwarz, Rodrigo 
740 0 |a vLex Libros (Servicio en ln̕ea) 
856 4 0 |u http://vlex.com/source/senten-as-trabalhistas-selecionadas-volume-i-12436  |z Acceso restringido 
942 |c BOOK 
999 0 |a Labor Law and Social Security